ENGINEERING GRAPHIC MODELLING A WORKBOOK FOR DESIGN ENGINEER'S (Record no. 581504)
[ view plain ]
| 000 -LEADER | |
|---|---|
| fixed length control field | 00381nam a22001337a 4500 |
| 020 ## - INTERNATIONAL STANDARD BOOK NUMBER | |
| International Standard Book Number | 0-408-00305-7 |
| 082 ## - DEWEY DECIMAL CLASSIFICATION NUMBER | |
| Classification number | 604.2 TJA'E |
| 100 ## - MAIN ENTRY--PERSONAL NAME | |
| Personal name | TJALUE, E,ADREASEN, M.M |
| 9 (RLIN) | 76077 |
| 245 ## - TITLE STATEMENT | |
| Title | ENGINEERING GRAPHIC MODELLING A WORKBOOK FOR DESIGN ENGINEER'S |
| 260 ## - PUBLICATION, DISTRIBUTION, ETC. | |
| Place of publication, distribution, etc. | LONDON |
| Name of publisher, distributor, etc. | NEWNES |
| Date of publication, distribution, etc. | 1979 |
| 300 ## - PHYSICAL DESCRIPTION | |
| Extent | 119P |
| 650 ## - SUBJECT ADDED ENTRY--TOPICAL TERM | |
| Topical term or geographic name entry element | ENGINEERING GRAPHICS ENGINEERING DESIGN |
| 9 (RLIN) | 67718 |
| 942 ## - ADDED ENTRY ELEMENTS (KOHA) | |
| Koha item type | Book |
| Withdrawn status | Lost status | Damaged status | Not for loan | Permanent Location | Current Location | Shelving location | Date acquired | Total Checkouts | Full call number | Barcode | Date last seen | Price effective from | Koha item type |
|---|---|---|---|---|---|---|---|---|---|---|---|---|---|
| College of Electrical & Mechanical Engineering (CEME) | College of Electrical & Mechanical Engineering (CEME) | General Stacks | 05/26/2017 | 604.2 TJA'E | CEME-11539 | 06/28/2021 | 06/28/2021 | Book |
